Digital and Analog communication systems (Record no. 241077)
[ view plain ]
| 000 -LEADER | |
|---|---|
| fixed length control field | 01251nam a22002177a 4500 |
| 005 - DATE AND TIME OF LATEST TRANSACTION | |
| control field | 20260327145132.0 |
| 008 - FIXED-LENGTH DATA ELEMENTS--GENERAL INFORMATION | |
| fixed length control field | 260327b |||||||| |||| 00| 0 eng d |
| 020 ## - INTERNATIONAL STANDARD BOOK NUMBER | |
| International Standard Book Number | 9788126512331 |
| 040 ## - CATALOGING SOURCE | |
| Transcribing agency | AL |
| 041 ## - LANGUAGE CODE | |
| Language code of text/sound track or separate title | English |
| 082 ## - DEWEY DECIMAL CLASSIFICATION NUMBER | |
| Classification number | 621.38 |
| Item number | SHAD |
| 100 ## - MAIN ENTRY--PERSONAL NAME | |
| Personal name | K Sam Shanmugam |
| 100 ## - MAIN ENTRY--PERSONAL NAME | |
| 9 (RLIN) | 259655 |
| 245 ## - TITLE STATEMENT | |
| Title | Digital and Analog communication systems |
| Remainder of title | : as per AICTE |
| 260 ## - PUBLICATION, DISTRIBUTION, ETC. | |
| Place of publication, distribution, etc. | New Delhi |
| Name of publisher, distributor, etc. | Wiley India Pvt Ltd |
| Date of publication, distribution, etc. | 2012 |
| 300 ## - PHYSICAL DESCRIPTION | |
| Extent | xviii,600p. |
| Other physical details | PB |
| Dimensions | 22x15cm |
| 365 ## - TRADE PRICE | |
| Price type code | VBI-2645 |
| Price amount | ₹704.25 |
| Currency code | ₹ |
| Unit of pricing | ₹939.00 |
| Price note | 25% |
| Price effective from | 20-02-2026 |
| 520 ## - SUMMARY, ETC. | |
| Summary, etc. | The book gives a unified treatment of theoretical and practical aspects of digital and analog communication systems, with emphasis on digital communication systems. It integrates theory with design, keeping theoretical details to a minimum, with over 60 practical and worked examples illustrating real-life methods. The emphasis is mainly on deriving design equations that relate performance of functional blocks to design parameters. It illustrates how to tradeoff between power, bandwidth and equipment complexity while maintaining an acceptable quality of performance. |
| 650 ## - SUBJECT ADDED ENTRY--TOPICAL TERM | |
| Topical term or geographic name entry element | General Electronics |
| 9 (RLIN) | 259635 |
| 650 ## - SUBJECT ADDED ENTRY--TOPICAL TERM | |
| Topical term or geographic name entry element | Classification for communication engineering systems |
| 9 (RLIN) | 259636 |
| 942 ## - ADDED ENTRY ELEMENTS (KOHA) | |
| Source of classification or shelving scheme | Dewey Decimal Classification |
| Koha item type | Book |
| Withdrawn status | Lost status | Source of classification or shelving scheme | Damaged status | Not for loan | Collection code | Home library | Current library | Date acquired | Source of acquisition | Cost, normal purchase price | Total Checkouts | Full call number | Barcode | Date last seen | Cost, replacement price | Price effective from | Koha item type |
|---|---|---|---|---|---|---|---|---|---|---|---|---|---|---|---|---|---|
| Dewey Decimal Classification | Electronics and Communication Engineering | St Aloysius Engineering Library | St Aloysius Engineering Library | 03/23/2026 | Vidyarthi Books | 704.25 | 621.38 SHAD | SE000352 | 03/27/2026 | 939.00 | 02/20/2026 | Book |